Wild Animals Of Iceland - Statistics

General Stats
  • This quiz has been taken 12 times
  • The average score is 7 of 16
Answer Stats
Picture Answer % Correct
Dolphin
92%
Puffin
83%
Reindeer
83%
Arctic Fox
75%
Walrus
75%
Humpback Whale
50%
Arctic Hare
42%
Mink
42%
Grey Seal
33%
Arctic Tern
25%
Mouse
25%
Gyrfalcon
17%
Redwing
17%
Whooper Swan
17%
Greenland Shark
8%
Ptarmigan
8%
No matching quizzes found
Score Distribution
Percent of People with Each Score
Percentile by Number Answered
Your Score History
You have not taken this quiz